Score 0/231 Timer 10:00
1 Play Today
Answer % Correct
go
100%
CHORUS
100%
go
100%
CHORUS
100%
CHORUS
100%
Let's
98.9%
Let's
98.9%
Let's
98.9%
Let's
98.9%
Let's
98.9%
Let's
98.9%
you
97.8%
you
97.8%
You
97.8%
you
97.8%
you
97.8%
I
97.8%
you
97.8%
you
97.8%
I
97.8%
you
97.8%
you
97.8%
I
97.8%
you
97.8%
get
97.8%
physical
97.8%
you
97.8%
a
97.8%
get
97.8%
physical
97.8%
you
97.8%
you
97.8%
I
97.8%
I
97.8%
you
97.8%
a
97.8%
get
97.8%
physical
97.8%
a
97.8%
get
97.8%
physical
97.8%
get
97.8%
physical
97.8%
(physical,
97.8%
physical)
97.8%
Physical
97.8%
(physical,
97.8%
physical)
97.8%
get
97.8%
physical
97.8%
(physical,
97.8%
physical)
97.8%
phy-phy-phy-physical
97.8%
Don't
96.7%
Don't
96.7%
got
96.7%
me
96.7%
to
96.7%
Don't
96.7%
Don't
96.7%
to
96.7%
to
96.7%
when
96.7%
got
96.7%
to
96.7%
me?
96.7%
got
96.7%
got
96.7%
got
96.7%
Don't
96.7%
Don't
96.7%
don't
96.7%
to
96.7%
to
96.7%
when
96.7%
got
96.7%
to
96.7%
Answer % Correct
me?
96.7%
me
96.7%
me
96.7%
agree?
95.6%
agree?
95.6%
on
95.6%
agree?
95.6%
agree?
95.6%
sleep
95.6%
next
95.6%
So
95.6%
come
95.6%
on
95.6%
(come
95.6%
on)
95.6%
come
95.6%
on
95.6%
(come
95.6%
on)
95.6%
come
95.6%
on
95.6%
(come
95.6%
on)
95.6%
on
95.6%
So
95.6%
come
95.6%
on
95.6%
(come
95.6%
on)
95.6%
come
95.6%
on
95.6%
(come
95.6%
on)
95.6%
come
95.6%
on
95.6%
(come
95.6%
on)
95.6%
on
95.6%
agree?
95.6%
agree?
95.6%
sleep
95.6%
next
95.6%
on
95.6%
Come
95.6%
on,
95.6%
on
95.6%
come
95.6%
on
95.6%
(come
95.6%
on)
95.6%
on
95.6%
on
95.6%
Come
95.6%
on,
95.6%
on
95.6%
come
95.6%
on
95.6%
(come
95.6%
on)
95.6%
(come
95.6%
on)
95.6%
(come
95.6%
on)
95.6%
on
95.6%
Come
95.6%
on
95.6%
All
94.4%
We
93.3%
night
93.3%
know
93.3%
and
93.3%
know
93.3%
the
93.3%
the
93.3%
created
91.1%
something
91.1%
back
91.1%
Answer % Correct
dancing
91.1%
dancing
91.1%
dancing
91.1%
love
90%
for
90%
us
90%
diamond
90%
this
90%
Who
90%
my
90%
Baby
90%
keep
90%
Love
90%
this
90%
Who
90%
Baby
90%
keep
90%
Baby
90%
keep
90%
phenomenal
88.9%
like
88.9%
rich
87.8%
needs
87.8%
ain't
87.8%
needs
87.8%
feeling
86.7%
with
86.7%
in
86.7%
in
86.7%
isn't
85.6%
it
85.6%
I'll
85.6%
Lights
85.6%
follow
85.6%
it
85.6%
choice
84.4%
pretty
84.4%
nice
84.4%
Nothing
83.3%
another
83.3%
life
83.3%
'Cause
83.3%
out
82.2%
wanna
81.1%
live
81.1%
one's
81.1%
just
81.1%
just
81.1%
Common
80%
planet
78.9%
compares
78.9%
little
78.9%
little
78.9%
noise
77.8%
riot
76.7%
Living
76.7%
Hold
76.7%
hold
76.7%
you're
76.7%
Hold
76.7%
hold
76.7%
you're
76.7%
up
73.3%
ready
73.3%
ready
73.3%
rushing
71.1%
tell
71.1%
if
71.1%
tell
71.1%
if
71.1%
Adrenaline
68.9%
we're
68.9%
dreaming
67.8%
keeps
66.7%
simulation
64.4%
tighter
64.4%
tighter
64.4%
Remove Ads.
Support Sporcle.
Get the best of Sporcle when you Go Orange. This ad-free experience offers more features, more stats, and more fun while also helping to support Sporcle. Thank you for becoming a member.

You're not logged in!

Compare scores with friends on all Sporcle quizzes.
OR
Log In

Sporcle TV

Today on Sporcle TV


Watch our educational content, quiz creation guides, and fun videos on Sporcle TV.

Show Comments

Extras

Top Quizzes Today


Score Distribution

Paid Content

Your Account Isn't Verified!

In order to create a playlist on Sporcle, you need to verify the email address you used during registration. Go to your Sporcle Settings to finish the process.

Report this User

Report this user for behavior that violates our Community Guidelines.

Details: